000 00685aam a2200265 4500
005 20260309140347.0
008 150805b1992 xxu||||| |||| 00| 0 spa d
020 _a986184149
041 _aESP
082 _a617.6 S237g5
100 _aSantos, Jose Dos
_918134
245 _aGnatología: principios y conceptos
260 _aVenezuela
260 _bAMOLCA
260 _c1992
300 _a158 páginas
300 _bIlustraciones a blanco y negro
490 _aMecánica Dental
650 _aODONTOLOGÍA
650 _aOCLUSIÓN
650 _aAPARATO MASTICATORIO
650 _aARTICULACIÓN TEMPOROMANDIBULAR
650 _aMOVIMIENTOS MANDIBULARES
942 _cBK
_2ddc
999 _c508
_d508